Statistics for Bordering Countries by each Flag Quiz #1

Click here to take the quiz!

General Stats

  • This quiz has been taken 157 times
    (123 since last reset)
  • The average score is 15 of 16

Answer Stats

Answer% Correct
Ukraine
99%
Canada
97%
Italy
96%
Greece
95%
Israel
95%
Pakistan
95%
Portugal
95%
Serbia
95%
South Africa
95%
Thailand
95%
Georgia
93%
Morocco
93%
Panama
89%
Guatemala
88%
Somalia
87%
Bolivia
78%

Score Distribution

Percentile by Number Answered

Percent of People with Each Score

Your Score History

You have not taken this quiz since the last reset